000 00299nam a22001337a 4500
008 170808b xxu||||| |||| 00| 0 eng d
020 _a2900619160462
041 _aeng
080 _24TH
_a004
100 _a34
101 _aSHK
245 _aSIMPLE PROGRAM DESIGN
_cROBERTSON,L.A
942 _2udc
_cBK
999 _c22884
_d22884